000 00607nam a2200229Ia 4500
003 OSt
005 20220928102454.0
006 a|||||r|||| 00| 0
007 ta
008 220927b |||||||| |||| 00| 0 eng d
024 _a54541
037 _cTextual
040 _aSDCL
_cSDCL
_beng
041 _2eng
_aeng
082 _aO1593,3Nx, M9
100 _aOjha Deen Dayal
_9398473
245 0 _aRajasthan ke kahanikaar.
260 _aJodhpur
_bRajasthani Granthakaar
_c1989
300 _a160p.
_ccm.
942 _hO1593,3Nx, M9
_cTEXL
_2CC
999 _c714340
_d714340